|
|
|
|
| LEADER |
00000nab a2200000uu 4500 |
| 001 |
vtls011464973 |
| 003 |
SK-MaSNL |
| 005 |
20260303193053.0 |
| 008 |
230222|1961 xo |||||||||||||||||cze| |
| 015 |
|
|
|a SNBRB
|
| 035 |
|
|
|a (urnnbn)urn:nbn:sk:snk:ar-a0awjm
|
| 035 |
|
|
|a (uuid)2a2bcf10-4eb9-43a6-aa93-0dd30d31770e
|
| 035 |
|
|
|a urn:nbn:sk:snk-abcxuc
|
| 040 |
|
|
|a SNKBUCL
|b slo
|c SNKBUCL
|e AACR2
|
| 041 |
0 |
|
|a cze
|
| 044 |
|
|
|a xo
|c SK
|
| 100 |
1 |
|
|a Gilwann, Miroslav,
|d 1924-
|4 aut
|9 279362
|
| 245 |
1 |
0 |
|a Průzkum průmyslových interiérů
|c Miroslav Gilwann
|
| 773 |
0 |
|
|t Technická práca : časopis Ústřední rady Čs. vědecko-technické společnosti
|g Roč. 13, č. 4 (1961), s. 265-271
|
| 958 |
|
|
|a OND
|
| 958 |
|
|
|a EUIPO
|
| 958 |
|
|
|a article16
|
| 999 |
|
|
|c 2150331
|d 2152261
|